000 00903nmm a2200289 a 4500
001 ocm0001732354
003 TR-IsHL
005 20201028170444.0
008 170527s2017 tu tur
007 cr cn
020 _a9786059272896
035 _a1732354
_b(N$T)
050 0 4 _aPL248.G86
_bG85 2017
090 0 4 _aPL248.G86
_bG85 2017
100 1 _aGüneş, Kader
245 1 0 _aGülmek bedava
_h[electronic resource] /
_cKader Güneş ; editör M. Endülüs Özbay
250 _a1. Baskı
260 _aIstanbul :
_bAZ Kitap,
_c2017
300 _a97 p.
650 4 _aDil ve Edebiyat
650 4 _aLanguage and Literature
650 0 _aTürk mizahı
650 0 _aTurkish humor
650 7 _aLITERARY COLLECTIONS / Middle Eastern
_2bisacsh
700 1 _aÖzbay, M. Endülüs
856 4 0 _uhttp://search.ebscohost.com/login.aspx?direct=true&scope=site&db=e011xww&AN=1732354
999 _c16276
_d16276